Score 0/36 Timer 06:00
15 Plays Today
Hint Answer % Correct
 
▼    History    ▼
 
Bill Clinton
97.9%
Men in Black
95.4%
The Lion King
95.2%
Home Alone
95.1%
 
▼    Movies    ▼
 
Jurassic Park
89.7%
 
▼    Sports    ▼
 
Michael Jordan
87.8%
 
▼    Television    ▼
 
Seinfeld
83.2%
Game Boy
82.5%
 
▼    Music    ▼
 
Tupac Shakur
81.7%
Whitney Houston
80.1%
Saddam Hussein
71.5%
No Doubt
71.4%
Guns n' Roses
71.3%
Full House
69.5%
Beverly Hills, 90210
66.8%
John Paul II
63%
TLC
61.9%
Walker, Texas Ranger
61.8%
Hint Answer % Correct
Johnny Bravo
60.2%
The Cable Guy
60.1%
Dragon Ball
48%
Tamagotchi
46.1%
Boyz n the Hood
42.1%
 
▼    Gaming    ▼
 
Doom II
41.6%
Boris Yeltsin
41%
David Beckham
40.9%
GoldenEye 007
40.4%
SimCity 2000
40.1%
Mark McGwire
39.7%
Lou Bega
36.3%
Jerry Rice
35.6%
Monica Seles
35.4%
Robert Mugabe
26.8%
John Major
26.7%
Mark Messier
26.3%
StarCraft
12.6%

You're not logged in!

Compare scores with friends on all Sporcle quizzes.
OR
Log In

Sporcle TV

Today on Sporcle TV


Watch our educational content, quiz creation guides, and fun videos on Sporcle TV.

Show Comments

Extras

Top Quizzes Today


Score Distribution

Paid Content

Your Account Isn't Verified!

In order to create a playlist on Sporcle, you need to verify the email address you used during registration. Go to your Sporcle Settings to finish the process.

Report this User

Report this user for behavior that violates our Community Guidelines.

Details: